| 000 | 00887nam a2200265 a 4500 | ||
|---|---|---|---|
| 001 | BRCA_4463 | ||
| 005 | 20190320204659.0 | ||
| 008 | 060910s1907----enka######---#000-0#eng-# | ||
| 041 | _aeng | ||
| 044 | _aenk | ||
| 050 | 4 |
_aDP17 _b.C35 2 _c1907 |
|
| 100 | 1 |
_aCalvert, Albert F. _d1872-1946 _911312 |
|
| 245 | 1 | 0 |
_aToledo _bAn historical and descriptive account of the ´city of generations´ _cBy Albert F. Calvert. |
| 260 |
_aLondres: Nueva York _bJohn Lane, The Bodley Head _c1907 |
||
| 300 |
_axxxiii, 169 p. (v.2) _bil., 511 láminas _c20 cm. |
||
| 440 | 0 |
_aThe spanish series _v2 _911313 |
|
| 500 | _aIncluye índice de ilustraciones | ||
| 500 | _aEjemplar igual a CEO20 | ||
| 500 | _aCon ex-libris de Daniel H. Farr | ||
| 500 | _aCEO12 | ||
| 651 | 4 |
_aEspaña _xDescripción y viajes _97912 |
|
| 651 | 4 |
_aToledo, España _xDescripción _911314 |
|
| 902 | _aGFM | ||
| 942 |
_2lcc _cB |
||
| 999 |
_c4169 _d4169 |
||